000 00717nam a22002417a 4500
005 20210709062831.0
008 210709s2018 ||||| |||| 00| 0 eng d
020 _a9781775285212
040 _aeng
_cDLC
_deng
041 _aeng
080 _a616-053.2
_bT-74
100 _91430
_aToole, Janine
245 _aFriendship Skills for Kids with Autism & Asperger's / Six-Minute Social Skills Workbook 3
_c/ by: Happy Frog Press
250 _a1st edition
260 _aMiddletown, USA
_bHappy Frog Press
_c2018
300 _a103 p.
365 _b14.95 usd
650 0 _9117
_aPediatrics
650 0 _91431
_aAutism
653 _aპედიატრია
653 _aაუტიზმი
942 _2udc
_cBK
_e1
999 _c2242
_d2242